000 00546nam a22001817a 4500
005 20231222151742.0
010 _aENG-138690
020 _a9788123796130
_c60.00
035 _aEN-122222
037 _bDBAD/PUB
082 _aN
100 _aRAMENDRA KUMAR
_960199
245 _aSANA/
_cBy RAMENDRA KUMAR
260 _aNew Delhi
_bNational Book Trust,India
_c2021
270 _aNehru Bhawan, 5 Institutional Area, Phase-II Vasant Kunj
_bNew Delhi
_e110070
_mwww.nbtindia.gov.in
300 _a104p.
_c22cm(pbk)
942 _2ddc
_cEN
_hN
_mRAM
_e2021
999 _c199796
_d199796